000 nam a22 a 4500
999 _c59368
_d59368
003 BLK
005 20220722143023.0
008 180408b bul|||||r ||||||| ||bul||
010 _aKNG00063460000
040 _aBLK
041 _aBUL
_cBUL
080 _aТеория на функциите - Реални функции, редове и редици, хармонични функции и др.
_b517.5
_z517.5
100 1 _aЧакалов, Любомир
_eпърви автор
_9288957
139 _aЧакалов, Любомир
_bЧ 17
245 1 0 _aУвод в теорията на аналитичните функции
_cЛюбомир Чакалов.
250 _a4. изд.
257 _aBGR
260 _aСофия
_bНаука и изкуство
_c1972
_fЯмбол : печ. Г. Димитров
300 _a424 с.
_bс черт., 1л. : портр
_c22 см
380 _a5
500 _aСъдържа и биогр. бележки за авт. от Любомир Илиев. -
504 _aБиблиогр. с. 418
650 4 _aФункции (мат.) - теория
_9275824
653 _aфункции
852 _aЦб 64411
_bЦб
942 _cKNG
_n0
_s1
944 _aCR
_c13.06.2004
_kЦветанка_Енчева
944 _aED
_c2022-07-22
_kГГГ